| 000 | 00902nam a2200265Ia 4500 | ||
|---|---|---|---|
| 005 | 20220707135855.0 | ||
| 008 | 210716s2010 xx 000 0 und d | ||
| 020 | _a8131513505 | ||
| 040 | _cAIMIT LIBRARY | ||
| 041 | _aeng | ||
| 082 |
_a338.04 _21 _bREDP |
||
| 100 |
_aReddy, P Narayana. _947520 |
||
| 245 |
_aEntrepreneurship : _bText and cases / _cBy P. Narayana Reddy |
||
| 250 | _a1st ed. | ||
| 260 |
_aNew Delhi : _bCengage Learning , _c2010. |
||
| 300 |
_ax, 402p. ; _bPB : _c24 cm. |
||
| 650 |
_aEntrepreneurship _947521 |
||
| 650 |
_aEntrepreneurship and Government _947522 |
||
| 650 |
_aSmall Scale Industries in India _947523 |
||
| 650 |
_aInstitutional Finance to Entrepreneur _947524 |
||
| 650 |
_aThe Venture Capital Industry _947525 |
||
| 650 |
_aEntrepreneurial Strategies _947526 |
||
| 650 |
_aContemporary Issues Entrepreneurship _947527 |
||
| 942 |
_2ddc _cBK _e1st _k338.04 REDP |
||
| 999 |
_c205931 _d205931 |
||